Представление документа в формате RUSMARC

ПолеНазваниеЗначение
  Тип записи a
  Библиографический уровень m
001 Контрольный номер 90cc751bb58945b1a1233869d644bb4c
005 Дата корректировки 20201206205157.4
010 Индекс ISBN __
a ISBN 978-5-9955-0110-7 (в пер.)
d Цена 262-00; 15100 экз.
100 Данные общей обработки __
a Данные общей обработки 19190220d2009||||||| 0rusy0189 ca
101 Язык документа 0_
a Язык текста rus
102 Страна публикации __
a Страна публикации RU|
102 Страна публикации __
a Страна публикации RU
105 Кодированные данные (монография) __
a Кодированные данные (монография) #||||||||||zy
200 Заглавие и сведения об ответственности 1_
a Заглавие Большая собака
f Первые сведения об ответственности Татьяна Соломатина
b Общее обозначение материала Текст
210 Выходные данные __
a Место издания Москва
c Издательство Эксмо
c Издательство Яуза-Пресс
d Дата издания 2009
215 Физическое описание __
a Объем 316, [2] с.
d Формат 20 см
330 Аннотация __
a Аннотация "Большая собака" – новая книга Татьяны Соломатиной, автора уже известного читателю "врачебного романа" "Приемный покой" и сборника рассказов "Акушер-ха" (о веселом и грустном в жизни одной многопрофильной больницы).
333 Примечание о целевом назначении __
a Примечание о целевом назначении 16+. Для детей старше 16 лет
606 Тематические рубрики __
a Основная рубрика Художественная литература
606 Тематические рубрики __
a Основная рубрика Современная русская литература (произведения)
610 Ключевые слова __
a Ключевые слова проза
610 Ключевые слова __
a Ключевые слова женская проза
610 Ключевые слова __
a Ключевые слова тема любви
610 Ключевые слова __
a Ключевые слова тема нежности
610 Ключевые слова __
a Ключевые слова тема собак
610 Ключевые слова __
a Ключевые слова женская проза
686 Индексы других классификаций __
2 Код системы rubbks
a Классификационный индекс 84(2=411.2)6-4; ст84(2=411.2)6-4
700 Автор _1
a Фамилия Соломатина
b Имя Т. Ю.
f Даты 1971-
g Полное личное имя Татьяна Юрьевна
4 Код отношения 070
801 Источник записи _0
a Страна RU
b Организация Муниципальное бюджетное учреждение культуры "Централизованная библиотечная система" г. Сургут (Центральная городская библиотека им. А. С. Пушкина)
c Дата составления 20190220
g Правила каталогизации PSBO
801 Источник записи _1
a Страна RU
b Организация Муниципальное бюджетное учреждение культуры "Централизованная библиотечная система" г. Сургут (Центральная городская библиотека им. А. С. Пушкина)
c Дата составления 20190220
g Правила каталогизации PSBO
852 Данные о местонахождении __
j Шифр хранения 84(2=411.2)6-4
i Авторский знак С 60
901 Тип документа __
t Тип документа m
a Ответственный ООФиК/Волкова
903 Характеристики (МАРС) __
a Дата передачи 20190220
990 Данные о заказе (DOS) __
j Количество экземпляров (DOS) 1
t N записи в КСУ для И/У (DOS) 201903